| 000 | 00676nam a2200217 u 4500 | ||
|---|---|---|---|
| 005 | 20240912063855.0 | ||
| 008 | 160531s2011 ag r 000 0 spa d | ||
| 020 | _a9789500839402 | ||
| 035 | _aUPN01000210919 | ||
| 049 | _aI | ||
| 050 | 4 |
_aPZ76.3 _bV4.4 |
|
| 100 | 1 |
_aVedia, Fernando de, _d1961- _932789 |
|
| 245 | 1 | 0 |
_aAnimalazos : _bsalvajes y vagos, pero buenazos / _cFernando de Vedia ; il. por Pablo Pino. |
| 260 |
_aBuenos Aires : _bAtlántida, _c2011. |
||
| 300 |
_a[39] p. : _bil. col. |
||
| 440 | 0 | _aVuelta de página | |
| 650 | 4 |
_aCuentos infantiles argentinos _97466 |
|
| 650 | 0 |
_aAnimales _vCuentos y leyendas _9234 |
|
| 905 | _aInfantil | ||
| 999 |
_c183020 _d183020 |
||